Chemie pro 1. ročník středních zdravotnických škol

Bibliographic Details
Main Authors: Fabini, Ján, 1913-1981 (Author), Vořechová, Dagmar (Author, Translator), Sokolík, Rudolf (Author)
Format: Book
Language:Czech
Slovak
PhysicalDescription:309 s. [1] s. obr., fotogr., Tb. 1 voľ. príl.
Published: Praha Státní pedagogické nakladatelství 1975
Edition:3. čes. vyd.
Series:Učebnice odborných a středních odborných škol
Subjects:

MARC

LEADER 00000nam a2200000 a 4500
001 vtls009859008
003 SK-MaSNL
005 20260301025743.0
008 240318s1975 xr 000 1 cze
035 |a (SVKBBclas03)vtls000253587 
040 |a SNK  |b slo  |c SNK  |e AACR2 
041 1 |a cze  |h slo 
080 |a 541  |2 2001 
080 |a (075.3)  |2 2001 
100 1 |a Fabini, Ján,  |d 1913-1981  |4 aut  |9 122746 
245 1 0 |a Chemie pro 1. ročník středních zdravotnických škol  |c Ján Fabini, Dagmar Vořechová, Rudol Sokolík; ze slovenského originálu přeložila Dagmar Vořechová 
250 |a 3. čes. vyd. 
260 |a Praha  |b Státní pedagogické nakladatelství  |c 1975  |e Praha  |f Svoboda, grafické závody, n. p.; 
300 |a 309 s. [1] s.  |b obr., fotogr., Tb.  |e 1 voľ. príl. 
490 1 |a Učebnice odborných a středních odborných škol 
650 0 7 |a chémia  |2 ŠVKBBPH  |9 749 
655 7 |a učebnice stredných škôl  |2 ŠVKBBPH  |9 69323 
700 1 |a Vořechová, Dagmar  |4 aut,  |4 trl  |9 322328 
700 1 |a Sokolík, Rudolf,  |4 aut  |9 322329 
852 |a Slovenská národná knižnica v Martine  |b 10000  |h SC 36571 
958 |a OND 
999 |c 573232  |d 575162 
952 |a SNK  |b SNK  |y VYP  |7 0  |p 17A1150204  |o snkSC 36571 D1  |i snkKIP 6246/75  |3 rekatalogizácia  |0 0  |1 0  |4 0  |d 2016-05-17  |l 0  |r 2026-02-23 14:23:21  |w 2026-02-23 
952 |a SNK  |b SNK  |y VYP  |7 0  |p 17A1150203  |o snkSC 36571/pril. D1  |i snkKIP 6246/75  |3 Príloha: Mendělejevova periodická soustava privků  |z Príloha: Mendělejevova periodická soustava privků  |0 0  |1 0  |4 0  |d 2016-05-17  |l 0  |r 2026-02-23 14:23:21  |w 2026-02-23